Khuông Việt Quốc sư đối với đất nước trong buổi đầu độc lập tự chủ và văn bản bài từ khúc điệu Nguyễn lang quy /

Spremljeno u:
Bibliografski detalji
Glavni autor: Nguyễn Công Lý.
Format: Članak
Jezik:Vietnamese
Teme:
Oznake: Dodaj oznaku
Bez oznaka, Budi prvi tko označuje ovaj zapis!
Thư viện lưu trữ: Thư viện Trường Đại học Đà Lạt
LEADER 00962nam a2200253 4500
001 DLU190191776
005 ##20190807
040 # # |a DLU  |b vie 
041 # # |a vie 
044 # # |a vn 
100 # # |a Nguyễn Công Lý. 
245 # # |a Khuông Việt Quốc sư đối với đất nước trong buổi đầu độc lập tự chủ và văn bản bài từ khúc điệu Nguyễn lang quy /  |c Nguyễn Công Lý. 
653 # # |a Kỉ nguyên độc lập tự chủ 
653 # # |a Khuông Việt Quốc sư 
653 # # |a Thể Từ khúc điệu Nguyễn lang quy 
773 # # |t Tạp chí Khoa học Đại học Sư phạm TP. Hồ Chí Minh: Khoa học xã hội và nhân văn  |g Số 8, 2017, tr. 12-27 
920 # # |a Phòng Tạp chí -- Trung tâm Thông tin - Thư viện Trường Đại học Đà Lạt 
900 # # |a True 
911 # # |a Hoàng Thị Huyền 
925 # # |a G 
926 # # |a A 
927 # # |a BB 
980 # # |a Thư viện Trường Đại học Đà Lạt